00367nam a2200133Ia 4500008004100000041000800041082001500049100001800064245006700082260002700149300000800176365001600184700003300200230718s9999 xx 000 0 und d aeng a004.2bTAL aTalukder A.K. aMobile ComputingbTechnology Applications And Service Creation c2005bTata McGraw Hill a668 cRs.b495.00 aTalukder A.K. & Yavagal R.R.